000 00434nam a2200169Ia 4500
008 230711s9999||||xx |||||||||||||| ||und||
020 _a978-93-5014-387-2
041 _aENG
082 _a621.317
_bGU-E
100 _aGupta,J.B
245 0 _aElectronics measurements and instrumentation
250 _a7th Ed.
260 _c2013
_aNew Delhi
_bS.K Kataria & Sons
300 _a465p.
650 _aElectronics Engineering
942 _cBK
999 _c9694
_d9694